[Event "South America-ch U20 Girls 11th"]
[Site "Barrancabermeja"]
[Date "2015.04.26"]
[Round "7"]
[White "Caballero Quijano, Mitzy Mishell"]
[Black "Lozano, Betania"]
[Result "1/2-1/2"]
[WhiteElo "1894"]
[BlackElo "2006"]
[PlyCount "57"]
[EventDate "2015.04.22"]
[EventType "swiss"]
[EventRounds "9"]
[EventCountry "COL"]
[SourceTitle "CBM 166 Extra"]
[Source "ChessBase"]
[SourceDate "2015.06.18"]
[SourceVersion "1"]
[SourceVersionDate "2015.06.18"]
[SourceQuality "1"]

1. d4 d5 2. Nf3 e6 3. c4 f5 4. Bf4 Bd6 5. Bxd6 Qxd6 6. e3 Nf6 7. Qc2 0-0 8. Nc3 c6 9. Bd3 Ne4 10. 0-0 Nd7 11. Ne1 Ndf6 12. f3 Ng5 13. cxd5 Nxd5 14. Nxd5 cxd5 15. h4 Nf7 16. f4 Bd7 17. Nf3 Rac8 18. Qe2 Rc7 19. Rf2 Qe7 20. Raf1 h5 21. g3 g6 22. Rg2 Rfc8 23. Qd2 Qd6 24. Kh2 Qb6 25. Rfg1 Nh6 26. Ne5 Ng4+ 27. Nxg4 hxg4 28. Rf2 Bb5 29. Bb1 1/2-1/2

[Event "South America-ch U20 Girls 11th"]
[Site "Barrancabermeja"]
[Date "2015.04.23"]
[Round "2"]
[White "Lozano, Betania"]
[Black "Cosme Contreras, Trilce"]
[Result "1/2-1/2"]
[WhiteElo "2006"]
[BlackElo "1667"]
[PlyCount "93"]
[EventDate "2015.04.22"]
[EventType "swiss"]
[EventRounds "9"]
[EventCountry "COL"]
[SourceTitle "CBM 166 Extra"]
[Source "ChessBase"]
[SourceDate "2015.06.18"]
[SourceVersion "1"]
[SourceVersionDate "2015.06.18"]
[SourceQuality "1"]

1. c4 Nf6 2. Nc3 g6 3. g3 Bg7 4. Bg2 c5 5. Nf3 Nc6 6. d4 cxd4 7. Nxd4 0-0 8. 0-0 Nxd4 9. Qxd4 d6 10. Qd3 Rb8 11. Rb1 Nd7 12. b3 Nc5 13. Qc2 a6 14. Rd1 Bd7 15. b4 Ne6 16. Be3 Bc6 17. Nd5 Bxd5 18. cxd5 Rc8 19. Qe4 Nc7 20. a4 Qd7 21. b5 axb5 22. axb5 Rfe8 23. h4 f5 24. Qb4 Rf8 25. Rdc1 Ra8 26. Bf3 h5 27. Bb6 Rfc8 28. Rc2 Ne8 29. Rbc1 Rxc2 30. Rxc2 Rc8 31. Ra2 Nf6 32. Kg2 Ng4 33. Bxg4 hxg4 34. Be3 b6 35. Ra6 Qb7 36. Qb3 Rc3 37. Qd1 Qc8 38. Rxb6 Qc4 39. Rb8+ Kh7 40. b6 Qe4+ 41. Kh2 Ra3 42. b7 Rxe3 43. fxe3 Qxe3 44. Rh8+ Bxh8 45. b8Q Qf2+ 46. Kh1 Qxg3 47. Qg1 1/2-1/2

[Event "Buenos Aires-ch U20"]
[Site "Buenos Aires"]
[Date "2015.04.05"]
[Round "8"]
[White "Sosa, Tomas Sebastian"]
[Black "Lozano, Betania"]
[Result "1-0"]
[WhiteElo "2365"]
[BlackElo "2006"]
[PlyCount "75"]
[EventDate "2015.04.02"]
[EventType "swiss"]
[EventRounds "8"]
[EventCountry "ARG"]
[SourceTitle "CBM 165 Extra"]
[Source "ChessBase"]
[SourceDate "2015.04.21"]
[SourceVersion "1"]
[SourceVersionDate "2015.04.21"]
[SourceQuality "1"]

1. e4 Nf6 2. e5 Nd5 3. c4 Nb6 4. d4 d6 5. exd6 exd6 6. Nc3 Nc6 7. Be3 Be7 8. Bd3 Bf6 9. Nge2 0-0 10. 0-0 Nb4 11. b3 Bg4 12. Bb1 c5 13. f3 cxd4 14. Nxd4 Bh5 15. Ne4 d5 16. Nxf6+ Qxf6 17. c5 Nd7 18. Qd2 Nc6 19. Nxc6 Qxc6 20. Rd1 Nf6 21. Bd4 Rad8 22. Bd3 Bg6 23. Bf1 Rfe8 24. a4 a6 25. b4 Qe6 26. Re1 Qf5 27. Rxe8+ Rxe8 28. c6 bxc6 29. Bxa6 h5 30. h4 Nd7 31. a5 Ne5 32. Re1 f6 33. Qc3 Nxf3+ 34. gxf3 Rxe1+ 35. Qxe1 Qxf3 36. Qf2 Qd1+ 37. Kh2 Be4 38. Bf1 1-0

[Event "Buenos Aires-ch U20"]
[Site "Buenos Aires"]
[Date "2015.04.04"]
[Round "5"]
[White "Lozano, Betania"]
[Black "Benedetti, Julio"]
[Result "0-1"]
[WhiteElo "2006"]
[BlackElo "2269"]
[PlyCount "57"]
[EventDate "2015.04.02"]
[EventType "swiss"]
[EventRounds "8"]
[EventCountry "ARG"]
[SourceTitle "CBM 165 Extra"]
[Source "ChessBase"]
[SourceDate "2015.04.21"]
[SourceVersion "1"]
[SourceVersionDate "2015.04.21"]
[SourceQuality "1"]

1. d4 g6 2. Nf3 Bg7 3. g3 d6 4. c4 e5 5. dxe5 dxe5 6. Qxd8+ Kxd8 7. Ng5 Ke8 8. Nc3 h6 9. Nf3 f5 10. e4 Be6 11. Bd3 Na6 12. Nh4 Ne7 13. Nxg6 Nxg6 14. exf5 Nc5 15. Bc2 Bxc4 16. fxg6 Nd3+ 17. Bxd3 Bxd3 18. Be3 Rd8 19. f3 Rf8 20. Kf2 Bxg6 21. Rad1 Rxd1 22. Rxd1 Bh5 23. Bxa7 Rxf3+ 24. Ke1 Rxc3 25. bxc3 Bxd1 26. Kxd1 b6 27. a4 Kd7 28. a5 bxa5 29. Kc2 0-1

[Event "Buenos Aires Nueva Generacion"]
[Site "Buenos Aires"]
[Date "2014.11.26"]
[Round "8"]
[White "Lozano, Betania"]
[Black "Vargas, Gabriela"]
[Result "0-1"]
[WhiteElo "2037"]
[BlackElo "2119"]
[PlyCount "58"]
[EventDate "2014.11.20"]
[EventType "tourn"]
[EventRounds "9"]
[EventCountry "ARG"]
[SourceTitle "CBM 163 Extra"]
[Source "ChessBase"]
[SourceDate "2014.12.23"]
[SourceVersion "1"]
[SourceVersionDate "2014.12.23"]
[SourceQuality "1"]

1. e4 d5 2. exd5 Qxd5 3. d4 Nf6 4. Nf3 c6 5. Be2 Bf5 6. 0-0 e6 7. c4 Qd6 8. Qb3 Qb4 9. Qxb4 Bxb4 10. a3 Bd6 11. b4 a5 12. c5 Bc7 13. b5 cxb5 14. Bxb5+ Nc6 15. Nc3 0-0 16. Be3 Ne7 17. Nh4 Be4 18. Nxe4 Nxe4 19. Bd3 Nf6 20. Rab1 Rfb8 21. Rb3 Nfd5 22. Rc1 b6 23. cxb6 Rxb6 24. Bc4 Rxb3 25. Bxb3 Rb8 26. Ba4 Bd6 27. Nf3 Bxa3 28. Ra1 Bb2 29. Re1 Nc3 0-1

[Event "Buenos Aires Nueva Generacion"]
[Site "Buenos Aires"]
[Date "2014.11.23"]
[Round "5"]
[White "Lozano, Betania"]
[Black "Cuevas, Alex"]
[Result "0-1"]
[WhiteElo "2037"]
[BlackElo "2262"]
[PlyCount "76"]
[EventDate "2014.11.20"]
[EventType "tourn"]
[EventRounds "9"]
[EventCountry "ARG"]
[SourceTitle "CBM 163 Extra"]
[Source "ChessBase"]
[SourceDate "2014.12.23"]
[SourceVersion "1"]
[SourceVersionDate "2014.12.23"]
[SourceQuality "1"]

1. d4 Nf6 2. c4 c5 3. d5 e6 4. Nc3 exd5 5. cxd5 d6 6. e4 g6 7. Bc4 Bg7 8. Nge2 0-0 9. 0-0 a6 10. a4 Nbd7 11. Ng3 Ne5 12. Be2 c4 13. h3 Qc7 14. Be3 h5 15. f4 Ned7 16. Qc2 Re8 17. Rad1 h4 18. Nh1 Nc5 19. Nf2 Nfxe4 20. Nfxe4 Nxe4 21. Nxe4 Bf5 22. Bf3 Bxe4 23. Bxe4 Qe7 24. Bc5 dxc5 25. Rde1 Bd4+ 26. Kh1 f5 27. d6 Qe6 28. Bxb7 Qxe1 29. Qxc4+ Kg7 30. Bxa8 Re2 31. Qxd4+ cxd4 32. Rxe1 Rxe1+ 33. Kh2 Re6 34. d7 Rd6 35. b4 d3 36. Bf3 Rxd7 37. Kg1 d2 38. Bd1 Re7 0-1

[Event "Buenos Aires Nueva Generacion"]
[Site "Buenos Aires"]
[Date "2014.11.23"]
[Round "4"]
[White "Nejanky, Maisa"]
[Black "Lozano, Betania"]
[Result "1-0"]
[WhiteElo "2071"]
[BlackElo "2037"]
[PlyCount "59"]
[EventDate "2014.11.20"]
[EventType "tourn"]
[EventRounds "9"]
[EventCountry "ARG"]
[SourceTitle "CBM 163 Extra"]
[Source "ChessBase"]
[SourceDate "2014.12.23"]
[SourceVersion "1"]
[SourceVersionDate "2014.12.23"]
[SourceQuality "1"]

1. e4 Nf6 2. e5 Nd5 3. d4 d6 4. c4 Nb6 5. f4 dxe5 6. fxe5 Bf5 7. Nc3 e6 8. Be3 Nc6 9. Be2 Nb4 10. Rc1 c5 11. Nf3 Be7 12. a3 cxd4 13. Nxd4 Nc6 14. Nxf5 exf5 15. Qc2 Nd4 16. Bxd4 Qxd4 17. Qxf5 Nxc4 18. Rd1 Qxe5 19. Qd7+ Kf8 20. Rd5 Qe3 21. Nd1 Qe4 22. Nf2 Qc2 23. Qxb7 Re8 24. Qb5 Bb4+ 25. Qxb4+ Kg8 26. 0-0 Qxe2 27. Rdd1 Ne3 28. Rfe1 Qxf2+ 29. Kxf2 Nxd1+ 30. Rxd1 1-0

[Event "Villa Martelli op-B 21st"]
[Site "Villa Martelli"]
[Date "2014.11.09"]
[Round "3"]
[White "Montoro, Gustavo Ernesto"]
[Black "Lozano, Betania"]
[Result "0-1"]
[WhiteElo "2031"]
[BlackElo "2037"]
[PlyCount "72"]
[EventDate "2014.11.07"]
[EventType "swiss"]
[EventRounds "9"]
[EventCountry "ARG"]
[SourceTitle "CBM 163 Extra"]
[Source "ChessBase"]
[SourceDate "2014.12.23"]
[SourceVersion "1"]
[SourceVersionDate "2014.12.23"]
[SourceQuality "1"]

1. e4 c5 2. Nc3 Nc6 3. f4 g6 4. Nf3 Bg7 5. Bc4 e6 6. 0-0 Nge7 7. d3 d5 8. Bb3 0-0 9. Qe1 Nd4 10. Nxd4 cxd4 11. Nd1 a5 12. a4 b6 13. e5 f6 14. exf6 Rxf6 15. Nf2 Nc6 16. Bd2 Qd6 17. Qe2 Bd7 18. Rae1 Raf8 19. g3 R6f7 20. Ng4 h5 21. Nf2 e5 22. Ne4 dxe4 23. fxe5 Nxe5 24. Bxf7+ Rxf7 25. Rxf7 Kxf7 26. dxe4 Bg4 27. Qf1+ Nf3+ 28. Kh1 Kg8 29. Bf4 Qc6 30. Re2 Ne5 31. Re1 Qxc2 32. h3 Bf3+ 33. Kg1 Bxe4 34. Re2 Qd3 35. Bxe5 Bxe5 36. Qe1 Bxg3 0-1

[Event "ARG-ch (Women) 67th"]
[Site "Villa Martelli"]
[Date "2014.05.08"]
[Round "8"]
[White "Carraro, Denise"]
[Black "Lozano, Betania"]
[Result "1-0"]
[WhiteElo "2073"]
[BlackElo "2039"]
[PlyCount "77"]
[EventDate "2014.05.01"]
[EventType "swiss"]
[EventRounds "9"]
[EventCountry "ARG"]
[SourceTitle "CBM 160 Extra"]
[Source "ChessBase"]
[SourceDate "2014.07.01"]
[SourceVersion "1"]
[SourceVersionDate "2014.07.01"]
[SourceQuality "1"]

1. e4 c5 2. Nf3 d6 3. d4 cxd4 4. Nxd4 Nf6 5. Nc3 g6 6. Be3 Bg7 7. Be2 0-0 8. 0-0 Nc6 9. Nb3 Be6 10. f4 Na5 11. f5 Bd7 12. g4 Bc6 13. Bd4 Nxb3 14. axb3 e5 15. fxe6 fxe6 16. Bf3 Qc7 17. Qe2 Ne8 18. Qe3 b6 19. Bxg7 Qxg7 20. e5 Bxf3 21. Rxf3 Rxf3 22. Qxf3 Rd8 23. Re1 d5 24. Nb5 a6 25. Nd4 Nc7 26. Qf6 Qxf6 27. exf6 Re8 28. Re5 h6 29. h4 Kf7 30. g5 Rc8 31. c3 hxg5 32. hxg5 Nb5 33. Rxe6 Nxd4 34. Re7+ Kf8 35. cxd4 Rc1+ 36. Kf2 Rc2+ 37. Re2 Rc1 38. Re5 Rc2+ 39. Kf3 1-0

[Event "ARG-ch (Women) 67th"]
[Site "Villa Martelli"]
[Date "2014.05.06"]
[Round "6"]
[White "Brizzi, Milagros Tatiana"]
[Black "Lozano, Betania"]
[Result "0-1"]
[WhiteElo "1942"]
[BlackElo "2039"]
[PlyCount "82"]
[EventDate "2014.05.01"]
[EventType "swiss"]
[EventRounds "9"]
[EventCountry "ARG"]
[SourceTitle "CBM 160 Extra"]
[Source "ChessBase"]
[SourceDate "2014.07.01"]
[SourceVersion "1"]
[SourceVersionDate "2014.07.01"]
[SourceQuality "1"]

1. e4 Nf6 2. e5 Nd5 3. d4 d6 4. c4 Nb6 5. exd6 cxd6 6. Nf3 g6 7. Nc3 Bg7 8. h3 0-0 9. Be3 Nc6 10. Rc1 Nd7 11. Be2 b6 12. 0-0 e5 13. d5 Ne7 14. b4 Nf5 15. Ne4 Nxe3 16. fxe3 Nf6 17. Nxf6+ Qxf6 18. e4 Bh6 19. Rc3 Qf4 20. Qc2 f5 21. c5 Qxe4 22. cxd6 Qxb4 23. Rb1 Qf4 24. Rc7 e4 25. d7 Bxd7 26. Rxd7 exf3 27. Bxf3 Rac8 28. Qb2 Rc7 29. Rxc7 Qxc7 30. Re1 Bg7 31. Qe2 Bd4+ 32. Kh1 Bc5 33. Qe6+ Rf7 34. Rc1 Kg7 35. Qe2 Qf4 36. Rc4 Qg3 37. Qb2+ Kg8 38. Qe2 Re7 39. Rxc5 Rxe2 40. Rc8+ Kg7 41. Bxe2 Qe1+ 0-1

[Event "Pan American-ch U18 Girls 24th"]
[Site "Pocos de Caldas"]
[Date "2013.07.29"]
[Round "6"]
[White "Lozano, Betania"]
[Black "Rodriguez Rueda, Paula Andrea"]
[Result "0-1"]
[WhiteElo "2066"]
[BlackElo "2209"]
[PlyCount "102"]
[EventDate "2013.07.26"]
[EventType "swiss"]
[EventRounds "9"]
[EventCountry "BRA"]
[SourceTitle "EXT 2018"]
[Source "ChessBase"]
[SourceDate "2017.10.13"]
[SourceVersion "1"]
[SourceVersionDate "2017.10.13"]
[SourceQuality "1"]

1. Nf3 Nf6 2. g3 b6 3. Bg2 Bb7 4. 0-0 e6 5. b3 Be7 6. Bb2 0-0 7. d3 d5 8. c4 c5 9. e3 Nbd7 10. Nbd2 Qc7 11. d4 Rfd8 12. Rc1 Rac8 13. Re1 Qb8 14. cxd5 exd5 15. Nh4 g6 16. f4 Ne4 17. Nhf3 cxd4 18. exd4 Rxc1 19. Qxc1 Rc8 20. Qd1 f5 21. Nxe4 dxe4 22. Ne5 Nf6 23. Bf1 Bd5 24. Bc4 b5 25. Nd7 Qb7 26. Nxf6+ Bxf6 27. Bxd5+ Qxd5 28. Qd2 a5 29. Rd1 a4 30. bxa4 bxa4 31. Ba3 Rc4 32. Bc5 e3 33. Qd3 Kg7 34. a3 h5 35. Bb6 h4 36. gxh4 Kh6 37. Qxe3 Rc2 38. Qg3 Qd6 39. Ba7 Qd5 40. Rf1 Bxd4+ 41. Bxd4 Qxd4+ 42. Kh1 Qe4+ 43. Kg1 Qd4+ 44. Kh1 Qd5+ 45. Kg1 Qc5+ 46. Kh1 Kh7 47. Qg5 Qd5+ 48. Kg1 Qd4+ 49. Kh1 Qe4+ 50. Kg1 Qe3+ 51. Kh1 Qe2 0-1

[Event "Pan American-ch U18 Girls 24th"]
[Site "Pocos de Caldas"]
[Date "2013.07.28"]
[Round "4"]
[White "Lozano, Betania"]
[Black "Montilla Reyes, Jorcerys"]
[Result "1/2-1/2"]
[WhiteElo "2066"]
[BlackElo "2092"]
[PlyCount "82"]
[EventDate "2013.07.26"]
[EventType "swiss"]
[EventRounds "9"]
[EventCountry "BRA"]
[SourceTitle "EXT 2018"]
[Source "ChessBase"]
[SourceDate "2017.10.13"]
[SourceVersion "1"]
[SourceVersionDate "2017.10.13"]
[SourceQuality "1"]

1. Nf3 d5 2. g3 Nf6 3. Bg2 Bf5 4. c4 c6 5. d4 e6 6. Nc3 Be7 7. 0-0 0-0 8. Qb3 Qc8 9. Nh4 Bg4 10. Nf3 Nbd7 11. Re1 Re8 12. e4 dxe4 13. Nxe4 Nxe4 14. Rxe4 Bf5 15. Re1 Bf6 16. Be3 Qc7 17. Rac1 Qb6 18. Qa3 a5 19. Ne5 Bxe5 20. dxe5 Qb4 21. f4 f6 22. Bf2 Qxa3 23. bxa3 fxe5 24. fxe5 Red8 25. Rcd1 Nf8 26. Bb6 Rd3 27. Rxd3 Bxd3 28. Rc1 Nd7 29. Bd4 c5 30. Ba1 Nb6 31. Bxb7 Ra7 32. Bg2 Bxc4 33. Rb1 Nd5 34. Rb8+ Kf7 35. Rc8 Rb7 36. Bxd5 Bxd5 37. Bc3 a4 38. Rxc5 Bxa2 39. Ba5 Rb1+ 40. Kg2 Bd5+ 41. Kh3 g5 1/2-1/2

[Event "Villa Martelli La Razon (Women)"]
[Site "Villa Martelli"]
[Date "2012.10.31"]
[Round "5"]
[White "Romano, Julieta Mabel"]
[Black "Lozano, Betania"]
[Result "0-1"]
[WhiteElo "1890"]
[BlackElo "1981"]
[PlyCount "144"]
[EventDate "2012.10.26"]
[EventType "tourn"]
[EventRounds "5"]
[EventCountry "ARG"]
[SourceTitle "EXT 2013"]
[Source "ChessBase"]
[SourceDate "2012.11.22"]
[SourceVersion "1"]
[SourceVersionDate "2012.11.22"]
[SourceQuality "1"]

1. e4 e6 2. c4 c5 3. Nf3 Nc6 4. d4 cxd4 5. Nxd4 Nf6 6. Nxc6 bxc6 7. Bd3 Bb4+ 8. Bd2 Bxd2+ 9. Nxd2 d5 10. cxd5 cxd5 11. 0-0 0-0 12. Re1 dxe4 13. Nxe4 Bb7 14. Nc5 Bd5 15. Rc1 Qb6 16. Na4 Qb4 17. b3 Rad8 18. Qe2 e5 19. Nc3 Ba8 20. Ne4 Bxe4 21. Bxe4 Rd2 22. Qc4 Qb6 23. Re2 Rd4 24. Qc2 Rfd8 25. h3 g6 26. Bf3 Qa5 27. Qc3 Qxc3 28. Rxc3 e4 29. Bg4 h5 30. Bc8 Nd5 31. Rc4 Rd1+ 32. Kh2 Nb6 33. Ba6 Nxc4 34. Bxc4 R8d4 35. Kg3 Kg7 36. f3 exf3 37. Kxf3 Rf1+ 38. Ke3 Rdd1 39. b4 f5 40. Rc2 Rc1 41. Rxc1 Rxc1 42. Bd5 g5 43. Kd4 Kf6 44. a4 Rd1+ 45. Kc5 Ke5 46. Ba8 f4 47. Bf3 Rc1+ 48. Kb5 Rc2 49. Ka6 Rc4 50. Kb5 Rc2 51. Ka6 Rc4 52. Kb5 Rc2 53. a5 g4 54. hxg4 hxg4 55. Ba8 Rxg2 56. Bxg2 f3 57. Bf1 g3 58. Ka6 g2 59. Bxg2 fxg2 60. Kxa7 g1Q+ 61. Ka6 Qg6+ 62. Kb5 Qe8+ 63. Kb6 Qb8+ 64. Kc5 Qc7+ 65. Kb5 Qb7+ 66. Kc5 Qa6 67. b5 Qxa5 68. Kc6 Qa8+ 69. Kc7 Qa7+ 70. Kc6 Qb8 71. b6 Ke6 72. b7 Ke7 0-1

[Event "Buenos Aires-D"]
[Site "Buenos Aires"]
[Date "2012.01.28"]
[Round "9"]
[White "Rojo Lynch, Enrique"]
[Black "Lozano, Betania"]
[Result "0-1"]
[WhiteElo "1911"]
[BlackElo "1942"]
[PlyCount "48"]
[EventDate "2012.01.23"]
[EventType "tourn"]
[EventRounds "9"]
[EventCountry "ARG"]
[SourceTitle "EXT 2014"]
[Source "ChessBase"]
[SourceDate "2013.11.20"]
[SourceVersion "1"]
[SourceVersionDate "2013.11.20"]
[SourceQuality "1"]

1. e4 e6 2. d4 d5 3. e5 c5 4. c3 Nc6 5. Nf3 Nge7 6. a3 cxd4 7. cxd4 Nf5 8. b4 Qb6 9. Bb2 Bd7 10. g4 Nfe7 11. Nc3 Nc8 12. Na4 Qd8 13. Rc1 a6 14. Nc5 Bxc5 15. Rxc5 0-0 16. Bd3 f6 17. h4 fxe5 18. dxe5 b6 19. Rxc6 Bxc6 20. Ng5 Qe8 21. Bxh7+ Kh8 22. Qb1 Rf4 23. Bg6 Re4+ 24. Kd2 Qxg6 0-1

[Event "Buenos Aires-D"]
[Site "Buenos Aires"]
[Date "2012.01.25"]
[Round "4"]
[White "Heinecke, Lucas Guillermo"]
[Black "Lozano, Betania"]
[Result "0-1"]
[WhiteElo "1989"]
[BlackElo "1942"]
[PlyCount "50"]
[EventDate "2012.01.23"]
[EventType "tourn"]
[EventRounds "9"]
[EventCountry "ARG"]
[SourceTitle "EXT 2014"]
[Source "ChessBase"]
[SourceDate "2013.11.20"]
[SourceVersion "1"]
[SourceVersionDate "2013.11.20"]
[SourceQuality "1"]

1. Nf3 d5 2. c4 c6 3. d4 e6 4. Qc2 g6 5. g3 Bg7 6. Bg2 Nf6 7. 0-0 0-0 8. b3 Ne4 9. Bb2 f5 10. Nfd2 Qg5 11. Nxe4 fxe4 12. Qd2 Qxd2 13. Nxd2 c5 14. e3 cxd4 15. Bxd4 Bxd4 16. exd4 Nc6 17. Rad1 b5 18. Rfe1 Bb7 19. cxb5 Nb4 20. a4 Nc2 21. Rf1 Nxd4 22. Rfe1 e5 23. Rc1 Rac8 24. Rxc8 Rxc8 25. Kf1 a6 0-1

[Event "Buenos Aires-D"]
[Site "Buenos Aires"]
[Date "2012.01.24"]
[Round "3"]
[White "Lozano, Betania"]
[Black "Munoz, Francisco Javier"]
[Result "1-0"]
[WhiteElo "1942"]
[BlackElo "1934"]
[PlyCount "115"]
[EventDate "2012.01.23"]
[EventType "tourn"]
[EventRounds "9"]
[EventCountry "ARG"]
[SourceTitle "EXT 2014"]
[Source "ChessBase"]
[SourceDate "2013.11.20"]
[SourceVersion "1"]
[SourceVersionDate "2013.11.20"]
[SourceQuality "1"]

1. g3 Nf6 2. Bg2 g6 3. d4 Bg7 4. e4 d6 5. Ne2 0-0 6. 0-0 Nc6 7. d5 Na5 8. Nd2 c5 9. c4 a6 10. Rb1 Nd7 11. b3 Rb8 12. Bb2 b5 13. Bxg7 Kxg7 14. Qc2 Qc7 15. f4 Bb7 16. cxb5 axb5 17. b4 Nc4 18. Nxc4 bxc4 19. Qxc4 Ra8 20. Rfc1 Ra4 21. Bh3 Nf6 22. Qb3 Ra7 23. Bg2 Nd7 24. Nd4 Raa8 25. Bh3 Qb6 26. bxc5 Qxb3 27. Nxb3 Nf6 28. Nd2 Bc8 29. Bxc8 Rfxc8 30. cxd6 Rxc1+ 31. Rxc1 exd6 32. Re1 Rxa2 33. Nc4 Ng4 34. Nxd6 Nxh2 35. Re3 Ng4 36. Rc3 Ra6 37. Nc8 Kf8 38. e5 h5 39. d6 Ke8 40. Ne7 Ra7 41. Nd5 Rb7 42. Rc8+ Kd7 43. Rc7+ Rxc7 44. dxc7 Nh6 45. Kg2 Nf5 46. Kf3 Nd4+ 47. Ke4 Ne6 48. f5 gxf5+ 49. Kxf5 Nd4+ 50. Kf6 Nf3 51. Nf4 h4 52. gxh4 Nxh4 53. Kxf7 Kxc7 54. Kf6 Nf3 55. e6 Kd8 56. Nd5 Nd2 57. e7+ Kd7 58. Kf7 1-0

[Event "Buenos Aires op"]
[Site "Buenos Aires"]
[Date "2011.11.25"]
[Round "7"]
[White "Rasgido, Alejandro"]
[Black "Lozano, Betania"]
[Result "0-1"]
[WhiteElo "1977"]
[BlackElo "1926"]
[PlyCount "74"]
[EventDate "2011.11.11"]
[EventType "swiss"]
[EventRounds "9"]
[EventCountry "ARG"]
[SourceTitle "CBM 145 Extra"]
[Source "ChessBase"]
[SourceDate "2012.01.03"]
[SourceVersion "1"]
[SourceVersionDate "2012.01.03"]
[SourceQuality "1"]

1. b3 d5 2. Bb2 Nf6 3. Nf3 e6 4. c4 b6 5. g3 Bb7 6. Bg2 dxc4 7. bxc4 Nbd7 8. 0-0 Bd6 9. d4 0-0 10. Nc3 c5 11. d5 exd5 12. cxd5 Ba6 13. Qa4 Qc8 14. Rfe1 b5 15. Nxb5 Bxb5 16. Qxb5 Rb8 17. Qc6 Rxb2 18. Qxd6 Rb6 19. Qf4 Nxd5 20. Qc4 N5f6 21. Rab1 Qa6 22. Nd2 Rfb8 23. Qxa6 Rxa6 24. Rxb8+ Nxb8 25. Rb1 Rb6 26. Rb3 Nbd7 27. Nc4 Ra6 28. a3 g6 29. Rc3 Nb6 30. Ne5 c4 31. Bb7 Ra5 32. f4 Rb5 33. Rc2 Rb3 34. Bc6 c3 35. e4 Rb1+ 36. Kf2 Rb2 37. Re2 Ng4+ 0-1

[Event "Buenos Aires Duchamp op 1st"]
[Site "Buenos Aires"]
[Date "2011.09.22"]
[Round "9"]
[White "Lozano, Betania"]
[Black "Sosa, Tomas Sebastian"]
[Result "0-1"]
[WhiteElo "1911"]
[BlackElo "2074"]
[PlyCount "86"]
[EventDate "2011.09.12"]
[EventType "swiss"]
[EventRounds "9"]
[EventCountry "ARG"]
[SourceTitle "EXT 2014"]
[Source "ChessBase"]
[SourceDate "2013.11.20"]
[SourceVersion "1"]
[SourceVersionDate "2013.11.20"]
[SourceQuality "1"]

1. d4 Nf6 2. c4 g6 3. Nc3 Bg7 4. e4 d6 5. Nf3 0-0 6. Be2 e5 7. dxe5 dxe5 8. Qxd8 Rxd8 9. Bg5 Nbd7 10. Rd1 Rf8 11. 0-0 c6 12. Nd2 Nc5 13. b4 Ne6 14. Be3 a5 15. b5 Re8 16. Nb3 Bf8 17. f3 a4 18. Nd2 Nd4 19. Bd3 Bc5 20. Bf2 Rd8 21. Ne2 Nh5 22. g3 Bh3 23. Rfe1 Rd7 24. Nxd4 Bxd4 25. Bxd4 Rxd4 26. Nf1 Be6 27. bxc6 bxc6 28. Ne3 Nf6 29. Nc2 Rdd8 30. Nb4 Rac8 31. Bc2 Rxd1 32. Rxd1 Bxc4 33. Bxa4 c5 34. Nc6 Ra8 35. Bb3 Be2 36. Rd6 Ne8 37. Rd7 c4 38. Bd1 Rxa2 39. Bxe2 Rxe2 40. Nxe5 c3 41. Rd8 Kf8 42. Rc8 c2 43. Nd3 Rd2 0-1